logo

Bir Sreshtho Munshi Abdur Rouf Library
Jhenaidah Cadet College

হুতোম প্যাঁচার নকশা / (Record no. 975)

MARC details
000 -LEADER
fixed length control field 00752nam a2200229 a 4500
001 - CONTROL NUMBER
JCCL Control Number 975
003 - CONTROL NUMBER IDENTIFIER
JCCL marc code BD-JhCC
005 - DATE AND TIME OF LATEST TRANSACTION
control field 20171012100101.0
008 - FIXED-LENGTH DATA ELEMENTS--GENERAL INFORMATION
fixed length control field 171012s2009 bg |||| |a|| 000 0 ben d
020 ## - INTERNATIONAL STANDARD BOOK NUMBER
International Standard Book Number 9847076901010
035 ## - SYSTEM CONTROL NUMBER
system control number (BD-JhCC)975
040 ## - CATALOGING SOURCE
Original cataloging agency BD-JhCC
Modifying agency BD-JhCC
041 ## - LANGUAGE CODE
Language code of Book ben
082 ## - DEWEY DECIMAL CLASSIFICATION NUMBER
Classification number 891.4409
Author mark and Year SNH 2009
100 ## - MAIN ENTRY--PERSONAL NAME
Personal name সিংহ, কালীপ্রসন্ন
245 ## - TITLE STATEMENT
Title হুতোম প্যাঁচার নকশা /
Statement of responsibility, etc কালীপ্রসন্ন সিংহ
260 ## - PUBLICATION, DISTRIBUTION, ETC. (IMPRINT)
Place of publication, distribution, etc ঢাকা :
Name of publisher, distributor, etc অ্যাডর্ন পাবলিকেশন প্রকাশনী,
Date of publication, distribution, etc ২০০৯.
300 ## - PHYSICAL DESCRIPTION
Pagination 149 p. :
Dimensions 22 cm.
650 ## - SUBJECT ADDED ENTRY--TOPICAL TERM
Topical term or geographic name as entry element Bengali Literature
Form subdivision Literature
942 ## - ADDED ENTRY ELEMENTS (KOHA)
Source of classification or shelving scheme Dewey Decimal Classification
Koha item type Books
Holdings
Source of classification or shelving scheme Damaged status Not for loan Home library Current library Shelving location Date of accession Cost, normal purchase price Total Checkouts Full call number Barcode Date last seen Date checked out Copy number Koha item type
Dewey Decimal Classification     JCC Rouf Library JCC Rouf Library General Stacks 10/12/2017 230.00 1 891.4409 SNH 2009 1712 07/05/2018 06/28/2018 C-1 Books

JCC Library | Contacts | JCC Home

Last Update on 23 September 2017
Copyright @ 2017-2020 JCC Rouf Library
Rouf Library, Jhenidah Cadet College (JCC), Bangladesh